How to prepare for the TOEFL success : Test of English as a foreign langguage
TOEFL success offers a step-by-step program that teaches you critical test-taking techniques, helps you polish the language skills needed for the exam, and generally makes you a smarter test-taker. And guide is an effcient way to prepate for TOEFL...
Wedi'i Gadw mewn:
| Prif Awdur: | |
|---|---|
| Fformat: | Llyfr |
| Iaith: | Undetermined |
| Cyhoeddwyd: |
Thành phố Hồ Chí Minh
Trẻ
1998
|
| Pynciau: | |
| Tagiau: |
Ychwanegu Tag
Dim Tagiau, Byddwch y cyntaf i dagio'r cofnod hwn!
|
| Thư viện lưu trữ: | Trung tâm Học liệu Trường Đại học Cần Thơ |
|---|
| LEADER | 00927nam a2200229Ia 4500 | ||
|---|---|---|---|
| 001 | CTU_159278 | ||
| 008 | 210402s9999 xx 000 0 und d | ||
| 020 | |c 40000 | ||
| 082 | |a 428.0076 | ||
| 082 | |b R722 | ||
| 100 | |a Rogers, Bruce | ||
| 245 | 0 | |a How to prepare for the TOEFL success : | |
| 245 | 0 | |b Test of English as a foreign langguage | |
| 245 | 0 | |c Bruce Rogers | |
| 260 | |a Thành phố Hồ Chí Minh | ||
| 260 | |b Trẻ | ||
| 260 | |c 1998 | ||
| 520 | |a TOEFL success offers a step-by-step program that teaches you critical test-taking techniques, helps you polish the language skills needed for the exam, and generally makes you a smarter test-taker. And guide is an effcient way to prepate for TOEFL... | ||
| 650 | |a English language,English language | ||
| 650 | |x Examinations,Study guides,Textbooks for foreign speakers | ||
| 904 | |i QHieu | ||
| 980 | |a Trung tâm Học liệu Trường Đại học Cần Thơ | ||